| 000 | 01138nam0a2200349 4500 | ||
|---|---|---|---|
| 001 | RU\NLR\bibl\130956 | ||
| 005 | 20250618041400.0 | ||
| 010 |
_a5-249-00432-6 _95000 |
||
| 021 |
_aRU _b2000-40189 _91844 |
||
| 035 | _a(NLR Aleph) 000128278 | ||
| 090 |
_a732018 _c732018 |
||
| 100 | _a20001204d2000 |||y0rusy50 ca | ||
| 101 | 0 | _arus | |
| 102 | _aRU | ||
| 105 | _aa ||||||||| | ||
| 200 | 1 |
_aТень-тень-потетень _e[Рус. нар. потешки _eДля самых маленьких (родители читают детям) _gХудож. Б. Андрейкин] |
|
| 210 |
_aМ. _cОникс _d2000 |
||
| 215 |
_a1 л. (слож. в 11 с.) _cцв. ил. _d10х10 |
||
| 225 | 1 | _aМоя первая библиотечка | |
| 610 | 0 | _aПотешки | |
| 675 |
_a821.161.1-93 _v3 _zrus |
||
| 686 |
_a17.82.93 _2rugasnti |
||
| 686 |
_a82.3(2Рос=Рус)-6 _2rubbk |
||
| 686 | _aШ9(2)3=Р-9 | ||
| 801 | 0 |
_aRU _bRKP _c20001204 _gPSBO |
|
| 801 | 1 |
_aRU _bRKP _c20001204 |
|
| 801 | 2 |
_aRU _bNLR _c20010216 _grcr |
|
| 852 |
_aNLR _jДл02 Г-0/772 |
||
| 942 | _cBOOK | ||
| 980 | _aNB | ||